Quo vadis massmedia, Quo vadis marketing zborník z konferencie doktorandov ... organizovanej Fakultou masmediálnej komunikácie UCM v Trnave dňa 11. marca 2010 v priestoroch Univerzity sv. Cyrila a Metoda v Trnave
| Corporate Author: | |
|---|---|
| Other Authors: | |
| Format: | Conference Proceeding Software eBook |
| Language: | Slovak Czech Polish |
| PhysicalDescription: | 1 elektronický optický disk (CD-ROM) fotogr., grafy, sch., tab. 12 cm |
| Published: |
V Trnave
Univerzita sv. Cyrila a Metoda, Fakulta masmediálnej komunikácie
2010
|
| ISBN: | 9788081051838 |
| Edition: | [1. vyd.] |
| Subjects: |
MARC
| LEADER | 00000nam a2200000 a 4500 | ||
|---|---|---|---|
| 001 | vtls010278903 | ||
| 003 | SK-MaSNL | ||
| 005 | 20260302011744.0 | ||
| 007 | co bg auuua | ||
| 008 | 180809s2010 xo oda fs 100 0 slo | ||
| 015 | |a SNBS2013 | ||
| 020 | |a 9788081051838 |q (elektronická kniha) | ||
| 040 | |a SNK |b slo |c SNK |e AACR2 | ||
| 041 | 0 | |a slo |a cze |a pol |b slo |b cze |b eng |b pol | |
| 044 | |a xo |c SK | ||
| 072 | 7 | |a 316.4/.7 |x Sociálne interakcie |2 konspekt | |
| 072 | 7 | |a 658 |x Riadenie a správa podniku |2 konspekt | |
| 080 | |a 316.772.4 |2 2001 | ||
| 080 | |a 316.774 |2 2001 | ||
| 080 | |a 659.3 |2 2001 | ||
| 080 | |a 658.8:316.77 |2 2001 | ||
| 080 | |a 005 |2 2001 | ||
| 080 | |a (0.034.44) |2 2001 | ||
| 080 | |a (062.534) |2 2001 | ||
| 080 | |a (079)371.27 |2 2001 | ||
| 111 | 2 | |a Quo vadis massmedia, Quo vadis marketing |d (2010 : |c Trnava, Slovensko) |9 167498 | |
| 245 | 1 | 0 | |a Quo vadis massmedia, Quo vadis marketing |h elektronický zdroj |b zborník z konferencie doktorandov ... organizovanej Fakultou masmediálnej komunikácie UCM v Trnave dňa 11. marca 2010 v priestoroch Univerzity sv. Cyrila a Metoda v Trnave |c [editor:] Malgorzata Luszczak |
| 250 | |a [1. vyd.] | ||
| 260 | |a V Trnave |b Univerzita sv. Cyrila a Metoda, Fakulta masmediálnej komunikácie |c 2010 | ||
| 300 | |a 1 elektronický optický disk (CD-ROM) |b fotogr., grafy, sch., tab. |c 12 cm | ||
| 500 | |a Názov z titulnej obrazovky | ||
| 504 | |a Bibliogr. odkazy | ||
| 516 | |a Textový dokument (zborník), 1 súbor vo formáte pdf | ||
| 538 | |a Technické požiadavky: PDF prehliadač | ||
| 546 | |a Text čiast. aj čes., poľ.; res. aj angl., čes., poľ. | ||
| 650 | 0 | 7 | |a mediálna komunikácia |2 SNKPH |9 66486 |
| 650 | 0 | 7 | |a masmediá |2 SNKPH |9 1418 |
| 650 | 0 | 7 | |a marketingová komunikácia |2 SNKPH |9 2300 |
| 650 | 0 | 7 | |a marketing |2 SNKPH |9 2299 |
| 650 | 0 | 7 | |a manažment |2 SNKPH |9 922 |
| 650 | 0 | 7 | |a Communication in mass media |2 SNKPHeng |9 275986 |
| 650 | 0 | 7 | |a Mass media |2 SNKPHeng |9 90498 |
| 650 | 0 | 7 | |a Communication in marketing |2 SNKPHeng |9 265704 |
| 650 | 0 | 7 | |a Management |2 SNKPHeng |9 265406 |
| 655 | 7 | |a elektronické zdroje |2 SNKPH |9 90954 | |
| 655 | 7 | |a CD-ROM |2 SNKPH |9 70236 | |
| 655 | 7 | |a zborníky konferencií |2 SNKPH |9 70153 | |
| 655 | 7 | |a študentské práce |2 SNKPH |9 119560 | |
| 655 | 7 | |a Electronic resources |2 SNKPHeng |9 175546 | |
| 655 | 7 | |a Proceedings of conferences |2 SNKPHeng |9 265791 | |
| 655 | 7 | |a Student theses |2 SNKPHeng |9 265359 | |
| 700 | 1 | |a Łuszczak, Małgorzata |4 edt |9 651189 | |
| 752 | |a Slovensko |d Trnava | ||
| 919 | |a 978-80-8105-183-8 | ||
| 958 | |a NB | ||
| 999 | |c 1007303 |d 1009233 | ||
| 952 | |a SNK |b SNK |y PREZ |7 0 |p 17A0702798 |o snkSCDM 3807 |i snk2011/11257 |8 0 |0 0 |1 0 |4 0 |d 2011-05-17 |l 0 |r 2026-02-24 12:40:20 |w 2026-02-24 | ||


